00465 2200169 4500001002100000005001500021035002000036007000300056008004100059020002200100100001800122245004400140250001100184260003100195300004600226650002300272INLIS00000000000064020221128123044 a0010-1122000234ta221128 b 1 ind  a978-602-366-233-30 aAan Wulandari1 aPintu Surga Buat Hamza /cAan Wulandari aCet. I aSolo :bTIGA ANANDA,c2016 a35 halaman :bilustrasi berwarna ;c20 cm 4aBacaan Anak Muslim